Loading...

Social statistics

Bibliographic Details
Main Author: Blalock, Hubert M
Format: Printed Book
Published: McGraw-Hill Book Co. Inc., NewYork 1960
Subjects:
LEADER 00496nam a2200193 4500
020
082 |a 330.0212 BLA-S 
100 |a Blalock, Hubert M 
245 |a Social statistics 
250
260 |a McGraw-Hill Book Co. Inc., NewYork  |c 1960 
300
490
500
590 |a Rajeev 
650 |a Economic statistics 
942 |c BK 
999 |c 107506  |d 107506 
952 |0 0  |1 0  |4 0  |6 330_021200000000000_BLAS  |7 0  |9 120973  |a ECN  |b ECN  |l 0  |o 330.0212 BLA-S  |p ECN04541  |r 2019-09-25  |w 2019-09-25  |y BK